All Dress-Up Masks In Kirbyʼs Return to Dream Land Deluxe - Statistics

General Stats
  • This quiz has been taken 32 times
  • The average score is 34 of 87
Answer Stats
Sound Answer % Correct
Yes Kirby
100%
Yes King Dedede
92%
Yes Meta Knight
92%
No Zero
92%
Yes Magolor
83%
Yes Waddle Dee
83%
No Coo
75%
No Rick
75%
No Whispy Woods
75%
No Dark Meta Knight
67%
No Kine
67%
No Mr. Dooter
67%
Yes Bandana Waddle Dee
58%
Yes Landia
58%
Yes Marx
58%
Yes Queen Sectonia
58%
Yes Ribbon
58%
Yes Susie
58%
Yes Adeleine
50%
Yes Daroach
50%
Yes Elfilin
50%
No Fatty Puffer
50%
Yes Gooey
50%
Yes Kirby (Blue)
50%
Yes Kirby (Green)
50%
Yes Kirby ( Yellow)
50%
Yes Marx Soul
50%
No Mine
50%
No Mr. Dooter EX
50%
N/A None
50%
Yes Taranza
50%
No Waddle Doo
50%
No Whispy Woods EX
50%
No Coo (Gray)
42%
No Fatty Puffer EX
42%
Yes Grand Doomer
42%
Yes Hyness
42%
Yes Landia EX
42%
Yes Leongar
42%
No Pick
42%
Yes President Haltmann
42%
No Bonkers
33%
No Chuchu
33%
Yes Dark Nebula
33%
Yes Drawcia
33%
Yes Flamberge
33%
Yes Forgo Dedede
33%
No Galacta Knight
33%
Yes Galactic Nova
33%
No Goriath
33%
Yes Grand Doomer EX
33%
No Kracko
33%
Yes Masked Dedede
33%
No Metal General
33%
No Metal General EX
33%
Yes Nago
33%
Yes Nightmare Wizard
33%
Yes Old Friend
33%
No Pitch
33%
Yes Traitor Magolor
33%
Yes Traitor Magolor EX
33%
No Chef Kawasaki
25%
Yes Clawroline
25%
No Dark Daroach
25%
No Goriath EX
25%
No Mr. Frosty
25%
No Shadow Kirby
25%
Yes Zan Partizanne
25%
No Cone-Mouth Kirby
17%
Yes Dark Matter Clone
17%
Yes Elfilin (Smiling)
17%
Yes Gold Kirby
17%
Yes Manager Magolor
17%
Yes Adeleine (Focused)
8%
No Awoofy
8%
No Dark Meta Knight (Dark Mirror)
8%
Yes Fransisca
8%
Yes Gooey (Mock Matter)
8%
Yes Interdimensional Magolor
8%
No Morpho Knight
8%
Yes Park-Staff Waddle Dee
8%
Yes Retaliator Flamberge
8%
Yes Retaliator Fransisca
8%
Yes Retaliator Zan Partizanne
8%
No Robobot Armor
8%
Yes Susie (Weekend Outfit)
8%
Yes Ribbon (Friendʼs Hairstyle)
0%
No matching quizzes found
Score Distribution
Percent of People with Each Score
Percentile by Number Answered
Your Score History
You have not taken this quiz